| 000 | 00618cab a2200229 4500 | ||
|---|---|---|---|
| 001 | WB3225-16 | ||
| 008 | 090401t1996 xxu||||| |||| 00| 0 eng d | ||
| 035 | _a(Sirsi) u39995 | ||
| 041 | _aeng | ||
| 245 | _aPFI saves money | ||
| 260 | _c1996 | ||
| 350 | _a0 | ||
| 490 |
_aTimes _v26 June 1996, 28(1) |
||
| 520 | _aGovernment maintains that the PFI is leading to savings of 7% on capital projects. | ||
| 650 | _aCAPITAL SPENDING | ||
| 650 | _aCOSTS | ||
| 650 | _aPRIVATE FINANCE INITIATIVE | ||
| 650 | _aSAVINGS | ||
| 690 | _aPROPERTY-PROPERTY FINANCE AND INVESTMENT | ||
| 942 | _n0 | ||
| 948 | _c04/03/1997 | ||
| 999 |
_c25609 _d25609 |
||